Detalles MARC
| 000 -CABECERA |
| campo de control de longitud fija |
02382nab a2200265 ab4500 |
| 005 - FECHA Y HORA DE LA ÚLTIMA TRANSACCIÓN |
| campo de control |
20260205135809.0 |
| 008 - ELEMENTOS DE LONGITUD FIJA--INFORMACIÓN GENERAL |
| campo de control de longitud fija |
251016c2025 cl tr p#o# #00| spa d |
| 003 - IDENTIFICADOR DEL NÚMERO DE CONTROL |
| campo de control |
|
| 040 ## - FUENTE DE LA CATALOGACIÓN |
| Centro catalogador/agencia de origen |
MX-MxUPN |
| Lengua de catalogación |
spa |
| Centro/agencia transcriptor |
MX-MxUPN |
| Normas de descripción |
aacr2 |
| 100 1# - ASIENTO PRINCIPAL--NOMBRE PERSONAL |
| Nombre de persona |
Contreras Villalobos, Tabata |
| 9 (RLIN) |
58678 |
| 100 1# - ASIENTO PRINCIPAL--NOMBRE PERSONAL |
| Nombre de persona |
Herrera Urízar, Gustavo |
| 9 (RLIN) |
58679 |
| 245 10 - MENCIÓN DE TÍTULO |
| Título |
Subjetividad e identidad docente en la era de la Inteligencia Artificial |
| Medio |
[recurso electrónico en línea] |
| 506 0# - NOTA DE RESTRICCIONES AL ACCESO |
| Limitaciones de acceso |
Acceso abierto |
| 520 3# - NOTA DE RESUMEN, ETC. |
| Sumario, etc. |
El avance de la Inteligencia Artificial (IA), la datificación y el uso de plataformas digitales ha generado transformaciones significativas en el ámbito educativo. Estas pueden afectar la configuración de la subjetividad docente en el marco de la gubernamentalidad algorítmica, no solo por su potencial estandarizador u homogeneizante, sino porque, como toda tecnología, inciden de múltiples maneras en los procesos educativos. Este trabajo, desde un enfoque crítico y fundamentado en la biopolítica y la psicopolítica, analiza el impacto de la IA en la subjetividad y la identidad docente, con la finalidad de explorar sus posibles efectos en el devenir educativo. Se realizaron entrevistas a 18 estudiantes universitarias de la Facultad de Educación de una universidad pública de Barcelona, indagando sobre sus experiencias y expectativas de la IA en los procesos de aprendizaje. Mediante un análisis de contenido, se identificaron los principales discursos que revelan cómo la IA no solo opera como una herramienta pedagógica, sino también como un dispositivo de control que redefine las prácticas educativas y reconfigura las relaciones de poder en el ámbito educativo. Finalmente, se reflexiona sobre posibles estrategias de resistencia y reconfiguración de la identidad docente en un escenario mediado por tecnologías inteligentes. |
| Fuente proveedora |
Psicoperspectivas. |
| 650 #2 - ASIENTO SECUNDARIO DE MATERIA - TERMINO TEMATICO |
| Término de materia o nombre geográfico como elemento de entrada |
Inteligencia artificial |
| 9 (RLIN) |
5343 |
| 653 #2 - TERMINO DE INDIZACION - NO CONTROLADO |
| Término no controlado |
Guberamentalidad algorítmica |
| 650 #4 - ASIENTO SECUNDARIO DE MATERIA - TERMINO TEMATICO |
| Término de materia o nombre geográfico como elemento de entrada |
Identidad docente |
| 653 #2 - TERMINO DE INDIZACION - NO CONTROLADO |
| Término no controlado |
APA |
| 650 #2 - ASIENTO SECUNDARIO DE MATERIA - TERMINO TEMATICO |
| Término de materia o nombre geográfico como elemento de entrada |
Subjetividad |
| 9 (RLIN) |
5009 |
| 773 ## - ENLACE AL DOCUMENTO FUENTE/ENTRADA DE REGISTRO ANFITRIÓN |
| Parte(s) relacionada(s) |
Vol. 24, no. 2, (2025), p. 1-15 |
| Título |
Psicoperspectivas : individuo y sociedad |
| Número Internacional Normalizado para Publicaciones Seriadas |
0718-6924 |
| 856 4# - LOCALIZACIÓN Y ACCESO ELECTRÓNICOS |
| Identificador Uniforme del Recurso |
<a href="https://www.psicoperspectivas.cl/index.php/psicoperspectivas/article/view/3452">https://www.psicoperspectivas.cl/index.php/psicoperspectivas/article/view/3452</a> |
| 856 4# - LOCALIZACIÓN Y ACCESO ELECTRÓNICOS |
| Identificador Uniforme del Recurso |
<a href="https://www.psicoperspectivas.cl/index.php/psicoperspectivas/article/view/3452/2038">https://www.psicoperspectivas.cl/index.php/psicoperspectivas/article/view/3452/2038</a> |
| 902 ## - ELEMENTOS DE DATOS B LOCAL, LDB (RLIN) |
| Creó |
Leonor Sotres/050226 |
| 942 ## - ELEMENTOS DE PUNTO DE ACCESO ADICIONAL (KOHA) |
| Tipo de ítem Koha |
Artículo Electrónico |